Normal view
MARC view
Entry Personal Name
001 - CONTROL NUMBER
- control field: 13974
003 - CONTROL NUMBER IDENTIFIER
- control field: OSt
005 - DATE AND TIME OF LATEST TRANSACTION
- control field: 20191128162404.0
008 - FIXED-LENGTH DATA ELEMENTS
- fixed length control field: 191128|| aca||aabn | a|a d
040 ## - CATALOGING SOURCE
- Original cataloging agency: OSt
- Transcribing agency: OSt
100 ## - HEADING--PERSONAL NAME
- Personal name: Boell, Sebastian K.
670 ## - SOURCE DATA FOUND
- Source citation: Work cat.: (OSt): Hoof, Florian 13972, Culture, technology, and process in ‘media theories’: Toward a shift in the understanding of media in organizational research
